Regiones y religiones en México (Record no. 171663)
[ view plain ]
| 000 -LEADER | |
|---|---|
| fixed length control field | 01035nam a22002177a 4500 |
| 005 - DATE AND TIME OF LATEST TRANSACTION | |
| control field | 20250402141134.0 |
| 008 - FIXED-LENGTH DATA ELEMENTS--GENERAL INFORMATION | |
| fixed length control field | 250402b mx ||||| |||| 00| 0 spa d |
| 020 ## - INTERNATIONAL STANDARD BOOK NUMBER | |
| International Standard Book Number | 9786074790054 |
| 050 04 - LIBRARY OF CONGRESS CALL NUMBER | |
| Classification number | BL2530.M6 |
| Item number | R44 2009 |
| 245 00 - TITLE STATEMENT | |
| Title | Regiones y religiones en México |
| Remainder of title | : estudios de la transformación sociorreligiosa |
| Statement of responsibility, etc | / coordinado por Alberto Hernández y Carolina Rivera |
| 250 ## - EDITION STATEMENT | |
| Edition statement | 1a ed. |
| 260 ## - PUBLICATION, DISTRIBUTION, ETC. (IMPRINT) | |
| Place of publication, distribution, etc | Tijuana, B.C. : |
| Name of publisher, distributor, etc | El Colegio de la Frontera Norte ; |
| Place of publication, distribution, etc | México, D.F. : |
| Name of publisher, distributor, etc | Centro de Investigaciones y Estudios Superiores en Antropología Social ; |
| Place of publication, distribution, etc | Zamora, Michoacán : |
| Name of publisher, distributor, etc | El Colegio de Michoacán, |
| Date of publication, distribution, etc | 2009 |
| 300 ## - PHYSICAL DESCRIPTION | |
| Extent | 302 paginas : |
| Other physical details | ilustraciones a color, mapas y gráficas ; |
| Dimensions | 22 cm. |
| 650 #7 - SUBJECT ADDED ENTRY--TOPICAL TERM | |
| Source of heading or term | lemb |
| Topical term or geographic name as entry element | Pluralismo cultural |
| Geographic subdivision | México |
| 650 #7 - SUBJECT ADDED ENTRY--TOPICAL TERM | |
| Source of heading or term | lemb |
| Topical term or geographic name as entry element | Sociología cristiana |
| Geographic subdivision | México |
| 651 #7 - SUBJECT ADDED ENTRY--GEOGRAPHIC NAME | |
| Source of heading or term | lemb |
| Geographic name | México |
| General subdivision | Religión |
| Chronological subdivision | Siglo XXI |
| 651 #7 - SUBJECT ADDED ENTRY--GEOGRAPHIC NAME | |
| Source of heading or term | lemb |
| Geographic name | México |
| General subdivision | Religión |
| -- | Disparidades regionales |
| 700 1# - ADDED ENTRY--PERSONAL NAME | |
| Personal name | Hernández, Alberto, |
| Relator code | coordinador |
| 700 1# - ADDED ENTRY--PERSONAL NAME | |
| Personal name | Rivera, Carolina, |
| Relator code | coordinador |
| 942 ## - ADDED ENTRY ELEMENTS (KOHA) | |
| Source of classification or shelving scheme | Biblioteca del Cogreso de los Estados Unidos |
| Koha item type | Libro |
| Estado de pérdida | Fuente de clasificación | Estado del daño | No para préstamo | Ubicación permanente | Ubicación actual | Apartado o colección | Fecha de adquisición | Edición | Dependencia de educación superior (DES) | Área del conocimiento | Total Checkouts | Clasificación | Código de Barras | Date last seen | Date checked out | Número de copia | Costo por reposición | Tipo de recurso |
|---|---|---|---|---|---|---|---|---|---|---|---|---|---|---|---|---|---|---|
| Biblioteca del Cogreso de los Estados Unidos | Biblioteca del Instituto de Investigaciones Históricas | Biblioteca del Instituto de Investigaciones Históricas | General | 02/04/2025 | 1a ed. | Humanidades | Educación y Humanidades | 1 | BL2530.M6 R44 2009 | IIH000037268 | 06/03/2026 | 06/03/2026 | 1 | 1.00 | Libro |